| 000 | 01049nam a2200217Ia 4500 | ||
|---|---|---|---|
| 003 | Ost | ||
| 005 | 20260507075052.0 | ||
| 008 | 260507s9999||||xx |||||||||||||| ||und|| | ||
| 040 | _cfsecg | ||
| 041 | _aara | ||
| 082 | _a657.42 | ||
| 100 |
_aعبد اللطيف، ناصر نور الدين _eمؤلف |
||
| 245 | 0 |
_aالمعرفة المحاسبية لغير التجاريين : _bتطبيقات عملية في مجالات متنوعة / _c ناصر نور الدين عبد اللطيف |
|
| 260 |
_aالاسكندرية: _bالدار الجامعية, _c2003 |
||
| 300 |
_a397 صفحة؛ _bإيضاحات ؛ _c24 سم |
||
| 520 | _aنظم المعلومات المحاسبية، نظام معلومات المحاسبة المالية، نظام معلومات محاسبة التكاليف، نظام معلومات المحاسبة الادارية | ||
| 653 | _aالمحاسبة الإدارية | ||
| 653 | _aمحاسبة التكاليف | ||
| 653 | _aنظم المعلومات- المؤسسة الممتدة | ||
| 942 | _cكتاب | ||
| 999 |
_c42678 _d42678 |
||